Placez les pays du monde - Map Quiz - Statistiques

Statistiques générales
  • Ce quiz a été pris 725 fois
    715 depuis la dernière actualisation
  • Le résultat moyen est 66 sur 180
Réponses sur la Carte
Les réponses sont colorées sur une échelle allant du rouge au vert en fonction du pourcentage des utilisateurs qui les ont devinées à leur premier essai. Vous pouvez retrouver ces pourcentages ci-dessous.
 
Statistiques - réponses
Réponse % Correct
Brésil
56%
Canada
56%
Chine
56%
Japon
56%
Russie
56%
Ukraine
56%
Argentine
55%
Espagne
55%
États-Unis
54%
Inde
54%
Italie
54%
Madagascar
54%
Afrique du Sud
53%
Australie
53%
Égypte
53%
Royaume-Uni
53%
Allemagne
52%
France
52%
Mexique
52%
Mongolie
52%
Pologne
52%
Portugal
52%
Suède
52%
Turquie
52%
Irlande
51%
Islande
51%
Norvège
51%
Suisse
51%
Algérie
50%
Arabie Saoudite
50%
Biélorussie
50%
Corée du Sud
50%
Grèce
50%
Maroc
50%
Pays-Bas
50%
Corée du Nord
49%
Nouvelle-Zélande
49%
Danemark
48%
République Démocratique du Congo
48%
Tunisie
48%
Belgique
47%
Chypre
47%
Indonésie
47%
Roumanie
47%
Chili
46%
Finlande
46%
Malte
46%
Libye
45%
Colombie
44%
Taïwan
44%
Thaïlande
44%
Uruguay
44%
Croatie
43%
Iran
43%
Lettonie
42%
Pakistan
42%
Pérou
42%
Soudan
42%
Cuba
41%
Équateur
41%
Kazakhstan
41%
Lituanie
41%
République Centrafricaine
41%
Venezuela
41%
Autriche
40%
Bahamas
40%
Estonie
40%
Philippines
40%
Sri Lanka
40%
Cap-Vert
39%
Paraguay
39%
République Dominicaine
39%
Irak
38%
Panama
38%
Papouasie-Nouvelle-Guinée
38%
Viêt Nam
38%
Nigeria
37%
Oman
37%
Émirats Arabes Unis
36%
Éthiopie
36%
Hongrie
36%
Mauritanie
36%
Népal
36%
Niger
36%
République Tchèque
36%
Somalie
36%
Bangladesh
35%
Bulgarie
35%
Cambodge
35%
Jordanie
35%
Kenya
35%
Malaisie
35%
Mali
35%
Maurice
35%
Soudan du Sud
35%
Bolivie
34%
Guyana
34%
Afghanistan
33%
Israël
33%
Lesotho
33%
Macédoine du Nord
33%
Moldavie
33%
Ouzbékistan
33%
Syrie
33%
Albanie
32%
Angola
32%
Birmanie
32%
Bosnie-Herzégovine
32%
Comores
32%
Côte d'Ivoire
32%
Haïti
32%
Honduras
32%
Maldives
32%
Mozambique
32%
Nicaragua
32%
Qatar
32%
Serbie
32%
Slovaquie
32%
Yémen
32%
Botswana
31%
Suriname
31%
Tchad
31%
Turkménistan
31%
Géorgie
30%
Kosovo
30%
Koweït
30%
Laos
30%
Sao Tomé-et-Principe
30%
Bhoutan
29%
Érythrée
29%
Eswatini
29%
Luxembourg
29%
Sénégal
29%
Seychelles
29%
Arménie
28%
Burkina Faso
28%
Jamaïque
28%
Salvador
28%
Tanzanie
28%
Zambie
28%
Belize
27%
Bénin
27%
Cameroun
27%
États Fédérés de Micronésie
27%
Ghana
27%
Monténégro
27%
Namibie
27%
Slovénie
27%
Azerbaïdjan
26%
Costa Rica
26%
Fidji
26%
Djibouti
25%
Guinée
25%
République du Congo
25%
Togo
25%
Kirghizistan
24%
Liban
24%
Zimbabwe
24%
Gabon
23%
Guatemala
23%
Guinée Équatoriale
23%
Kiribati
23%
Sierra Leone
22%
Malawi
21%
Ouganda
21%
Tadjikistan
21%
Îles Salomon
20%
Liberia
20%
Rwanda
20%
Vanuatu
20%
Burundi
19%
Guinée-Bissau
19%
Îles Marshall
19%
Samoa
19%
Timor Oriental
19%
Nauru
17%
Tuvalu
17%
Tonga
16%
Palaos
15%
Gambie
14%
Aucun quiz correspondant
Distribution des résultats
% des personnes avec chaque résultat
Percentile par nombre de réponses
Votre historique - résultats
Vous n’avez pas pris ce quiz depuis la dernière actualisation